00693nam a22002297a 4500001000500000005001700005020001800022040002900040050001300069082001100082100002100093245006100114260003400175300002300209505000600232520014000238521001700378521001600395650002000411650002100431650001100452205620240430121312.0 a9780439095532 aFISKHbengcFISKHdFISKH aF592.S85 a978.02 aSullivan, George aLewis and clark: bin their own words /cGeorge Sullivan aNew York :bScholastic,c2000 a128 pages :c20 cm aT aRecounts the story of the Lewis and Clark Expedition to explore the uncharted western wilderness, placing it in its historical context. a790 bLexile aSbRaz-plus 2native american 2american history 2indian